Answers Start with "Gh-" - Statistics

General Stats
  • This quiz has been taken 299 times
    53 since last reset
  • The average score is 10 of 15
Answer Stats
Hint Answer % Correct
African country Ghana
92%
Someone hired to compose texts credited to someone else ghostwriter
90%
Part of a city in which members of a minority group live ghetto
88%
A small cucumber, especially one used for pickling gherkin
76%
Adjective: "causing shock, revulsion, or horror; terrifying" ghastly
69%
Clarified butter commonly used in Indian cooking ghee
69%
A grave robber ghoul
67%
Belgian city Ghent
63%
Marvel character portrayed by Nicolas Cage Ghost Rider
61%
Epstein accomplice sentenced to 20 years in prison Ghislaine Maxwell
59%
Peter Venkman, Ray Stantz, Egon Spengler, Winston Zeddemore Ghostbusters
51%
Primary antagonist of the Scream franchise Ghostface
51%
A hot desert wind (or film studio of Miyazaki films) ghibli
47%
Chili rated at more than one million Scoville ghost pepper
47%
Reptile similar to a crocodile, alligator, or caiman gharial
24%
No matching quizzes found
Score Distribution
Percent of People with Each Score
Percentile by Number Answered
Your Score History
You have not taken this quiz since the last reset